| 000 | 00672nam a2200181Ia 4500 | ||
|---|---|---|---|
| 008 | 090123s9999 xx 000 0 und d | ||
| 082 | _b19430 | ||
| 100 | _aतेंडुलकर प्रिया | ||
| 245 | _aजन्मलेल्या प्रत्येकाला | ||
| 250 | _a1 | ||
| 260 |
_bडिंपल प्रकाशन _c1991 |
||
| 300 | _a172 | ||
| 600 | _aतेंडुलकर प्रिया | ||
| 630 | _aजन्मलेल्या प्रत्येकाला | ||
| 700 | _aतेंडुलकर प्रिया | ||
| 730 | _aजन्मलेल्या प्रत्येकाला | ||
| 942 | _cBOOK | ||
| 999 |
_c57496 _d57496 |
||